000 01323nam0a22002771 4500
001 rc\4643084
005 20250612140941.0
021 _aRU
_b[65-11998]
035 _a(NLR Aleph) 008686598
090 _a9212339
_c9212339
100 _a20130416d1965 |||y0rusy50 ca
101 0 _arus
102 _aRU
105 _ay z |||||
200 1 _aТаран над Брестом
_e[Героич. были Великой Отеч. войны]
210 _aМосква
_cИзд-во ДОСААФ
_d1965
215 _a130 с.
_d20
327 1 _aСодерж.: Таран над Брестом; Катюша; Последний бой смертников; Тайна Федора Поетана; Рассказ о настоящем человеке
464 0 _12001#$aТаран над Брестом$aКатюша$aПоследний бой смертников$aТайна Федора Поетана$aРассказ о настоящем человеке
_tРассказ о настоящем человеке
606 _aГерои Великой Отечественной войны 1941-1945 гг. (х. л.)
_2psbo
700 1 _aСмирнов
_bС.С.
_f1915-1976
_gСергей Сергеевич
801 0 _aRU
_bNLR
_gpsbo
801 1 _aRU
_bELAR
_2rusmarc
852 _aNLR
_j65-3/957
942 _cBOOK
980 _aNB